000 00409cam a2200169ua 4500
003 OSt
005 20260221112347.0
008 260221b |||||||| |||| 00| 0 eng d
041 _aeng
082 _a691
_bRAJ/EN
100 _aRajaraman, S .
_97506
245 _aEngineering materials /
250 _a12 /
260 _aThiruvananthapuram :
_bSt Josephs Press ,
_c1920.
300 _a312 ; .
942 _cBK
999 _c2280
_d2280